[Event "Moscow Open RSSU Cup 2020"]
[Site "Moscow"]
[Date "2020.02.01"]
[Round "8.2"]
[White "Volkov, Sergey"]
[Black "Lintchevski, Daniil"]
[Result "1/2-1/2"]
[WhiteElo "2575"]
[BlackElo "2536"]
[Annotator "TA"]
[PlyCount "81"]
[EventDate "2020.01.25"]
[EventType "swiss"]
[EventCountry "RUS"]
[SourceTitle "playchess.com"]
[Source "ChessBase"]
[SourceQuality "1"]

{[%evp 9,81,16,20,0,0,0,30,24,36,12,11,0,11,0,0,0,0,0,0,0,-4,-2,10,8,10,10,10,10,12,14,13,7,7,0,0,0,10,19,39,-5,-5,-12,0,-96,-105,-86,-91,-91,-85,-76,-76,-89,-89,-82,-87,-85,-16,-16,-16,-27,0,0,0,0,0,0,0,0,0,0,0,0,0,0]} 1. d4 Nf6 2. c4 e6 3. Nf3 d5 4. Nc3 dxc4 5. e4 Bb4 6. Bxc4 {D24: Queen's Gambit Accepted: 3 Nf3 Nf6 4 Nc3} Nxe4 7. O-O Nf6 8. Qa4+ {White has an edge.} Nc6 9. Bb5 Bd6 {[#]} 10. d5 $146 ({Predecessor:} 10. Bg5 O-O 11. Bxc6 bxc6 12. Ne5 Bb7 13. Rad1 h6 14. Bh4 Rb8 15. Ne4 g5 16. Nxg5 hxg5 17. Bxg5 {1-0 (48) Ma,Z (2461)-Lu,S (2611) Wuxi 2016}) 10... exd5 {aiming for ...0-0.} 11. Bg5 O-O {White must now prevent ...Ne5.} 12. Nxd5 $1 {[#]} Bxh2+ $1 {[%mdl 512]} 13. Nxh2 Qxd5 14. Bxf6 $1 gxf6 15. Rfd1 $132 {[%mdl 2048] White is not keeping still} Qe5 16. Nf3 Qh5 ({Don't blunder} 16... Qxb2 $2 17. Rab1 $18) 17. Bxc6 bxc6 18. Qxc6 Bg4 19. Rd3 Rad8 20. Rxd8 Rxd8 21. Qxc7 Rc8 22. Qb7 Rd8 23. Qe7 Rd7 24. Qe8+ Kg7 25. Re1 Rb7 26. Nd4 (26. Qd8 $11 Rd7 27. Qa8) 26... Rxb2 $17 27. a3 Qg5 28. Qe3 h5 29. Qxg5+ fxg5 {[%mdl 4096] Endgame KRB-KRN} 30. Re5 Kg6 31. Ra5 Rb7 32. Nc6 Bd7 ({Better is} 32... f6 $17) 33. Ne5+ $11 Kf6 34. f4 gxf4 (34... g4 {seems wilder.} 35. Nxd7+ Rxd7 36. Rxh5 g3 37. Kf1 Rd4) 35. Nxd7+ {The position is equal.} Rxd7 36. Rxh5 {KR-KR} Kg6 37. Ra5 f5 38. Kf2 Kg5 39. Kf3 Rd3+ 40. Ke2 Rd7 41. Kf3 {Accuracy: White = 94%, Black = 88%.} 1/2-1/2

[Event "Moscow Open RSSU Cup 2020"]
[Site "Moscow"]
[Date "2020.02.01"]
[Round "8.3"]
[White "Kunin, Vitaly"]
[Black "Grachev, Boris"]
[Result "1/2-1/2"]
[WhiteElo "2533"]
[BlackElo "2614"]
[Annotator "TA"]
[PlyCount "81"]
[EventDate "2020.01.25"]
[EventType "swiss"]
[EventCountry "RUS"]
[SourceTitle "playchess.com"]
[Source "ChessBase"]
[SourceQuality "1"]

{[%evp 9,81,22,21,0,0,0,0,0,9,7,6,7,0,0,0,6,8,4,19,13,54,19,50,66,59,51,54,29,27,31,39,20,26,24,51,0,81,81,70,72,81,80,81,81,81,81,81,81,81,81,81,81,81,81,81,81,81,81,81,81,81,81,81,81,81,81,81,81,81,81,81,81,81,0]} 1. d4 d5 2. c4 e6 3. Nc3 Nf6 4. Bg5 dxc4 5. e3 c5 6. Bxc4 {D50: Queen's Gambit Declined: Dutch-Peruvian Gambit} cxd4 7. exd4 Be7 8. Nf3 {The position is equal.} O-O 9. Qe2 Nc6 10. Rd1 {[#]} Nd5 $146 ({Predecessor:} 10... Qa5 11. O-O Rd8 12. Bh4 Qh5 13. Rfe1 Na5 14. Bd3 b6 15. d5 Bb7 16. dxe6 Bxf3 17. exf7+ {1-0 (26) Dobrov,V (2524)-Bykov,E (2047) Taganrog 2013}) 11. Bxd5 (11. Be3 {seems wilder.} Na5 12. Bd3 b6 13. Nxd5 Qxd5 14. a3) 11... exd5 12. Bxe7 Nxe7 13. O-O Bg4 14. h3 Bh5 15. Rfe1 Nc8 16. g4 Bg6 17. Ne5 Nb6 18. f4 {Threatens to win with f5.} f6 19. Nxg6 hxg6 20. Qd3 f5 21. g5 Re8 22. Qb5 (22. Re5 $14) 22... Kh7 (22... Rxe1+ $11 23. Rxe1 Qd6) 23. Rxe8 $16 Qxe8 24. Qxe8 Rxe8 {[%mdl 4096] Endgame KRN-KRN. White is better.} 25. Kf2 Kg8 26. Re1 Rxe1 27. Kxe1 {KN-KN} Kf7 28. b3 Ke6 29. Ne2 Nc8 30. Ng1 Ne7 31. Nf3 a5 32. a4 b6 33. Ne5 Kd6 34. Kd2 Ke6 35. Kc3 Kd6 36. b4 Ke6 37. b5 Kd6 38. Kd3 Ke6 39. Ke3 Kd6 40. Kf3 Ke6 41. Ke3 {Accuracy: White = 88%, Black = 85%.} ({White should play} 41. Kf2 $16) 1/2-1/2

[Event "Moscow Open RSSU Cup 2020"]
[Site "Moscow"]
[Date "2020.02.01"]
[Round "8.4"]
[White "Martinez Alcantara, Jose Eduardo"]
[Black "Triapishko, Alexandr"]
[Result "1-0"]
[WhiteElo "2606"]
[BlackElo "2510"]
[Annotator "TA"]
[PlyCount "129"]
[EventDate "2020.01.25"]
[EventType "swiss"]
[EventCountry "RUS"]
[SourceTitle "playchess.com"]
[Source "ChessBase"]
[SourceQuality "1"]

{[%evp 24,129,43,37,31,22,37,26,27,27,27,27,29,24,32,20,24,24,29,20,30,39,31,39,21,15,19,0,14,21,26,21,21,21,21,21,21,21,21,21,21,21,21,21,27,21,115,21,21,21,26,0,0,0,1,2,49,40,40,7,37,8,8,8,8,8,7,7,8,12,19,8,5,0,0,0,0,0,175,165,128,143,302,596,914,896,771,667,603,603,1514,1171,1098,935,440,39,1247,596,1308,596,596,596,29971,29972,29986,29987,29987,29988]} 1. e4 c5 2. Nf3 e6 3. d4 cxd4 4. Nxd4 Nc6 5. Nc3 Nf6 6. Ndb5 Bb4 7. a3 Bxc3+ 8. Nxc3 d5 9. exd5 exd5 10. Bd3 O-O 11. O-O d4 12. Ne2 Bg4 13. Bg5 h6 {B45: Sicilian Four Knights} 14. Bh4 Bxe2 15. Qxe2 Re8 {White has an edge.} 16. Qf3 Ne5 17. Qxb7 Nxd3 18. cxd3 Qd5 $1 {[%cal Rd5b7]} 19. Qa6 $5 {[%mdl 4] An interesting side line.} Nh5 $146 ({Predecessor:} 19... Re6 20. Qc4 Rc6 21. Qa4 Nd7 22. Rac1 Rac8 23. Rxc6 Rxc6 24. Bg3 Nc5 25. Qa5 Qd7 {½-½ (53) Kosteniuk,A (2472)-Domont,A (2364) Flims 2012}) 20. Bg3 Nxg3 21. hxg3 Qb3 22. Rab1 Rec8 23. Rfe1 Rc2 24. Re7 Rxb2 25. Rbe1 Rb1 26. Rxb1 Qxb1+ $11 {[%mdl 4096] Endgame KQR-KQR} 27. Kh2 Qb6 28. Qc4 Qf6 29. Re4 Rd8 30. Rf4 Qe7 31. a4 Qd7 32. Re4 Qd5 {With the idea ...Qxc4.} 33. Qc7 Qd7 34. Re7 Qd5 (34... Qxc7 $11 35. Rxc7 Rb8) 35. Re5 ({Of course not} 35. Qxa7 $6 Qh5+ 36. Kg1 Qd1+ 37. Kh2 Qh5+ 38. Kg1 Qd1+ 39. Kh2 Qh5+ $11) (35. f3 $16) 35... Qd7 36. Qxd7 Rxd7 {KR-KR} 37. g4 Rb7 38. Rd5 Rb4 39. a5 Rb3 40. Rxd4 Rb5 41. Ra4 Rd5 42. d4 a6 43. Kg3 Kf8 44. Kf4 Ke7 45. Ke4 Kd6 46. Ra3 Ke6 47. f4 Rb5 48. f5+ Kd6 49. Ra2 Rb3 50. Rc2 Rb5 $2 (50... Kd7 $11 {and Black is okay.}) 51. Rc8 $1 $18 Rxa5 {[#]} 52. Rg8 $1 g6 $2 (52... Ra1 $16) 53. fxg6 Ke7 {[#]} 54. d5 $1 {[%cal Rd5d6] And now d6+! would win.} fxg6 55. Rxg6 Ra2 56. Rxh6 Rxg2 57. Kf5 Rf2+ 58. Kg5 Ra2 59. Rf6 $2 (59. Re6+ $18 Kf7 60. Kf5) 59... Ra5 $2 {[%mdl 8192]} (59... a5 $14) 60. Rf5 (60. Kg6 $142 Rxd5 61. Rxa6) 60... Ra4 61. Kh5 a5 62. g5 Rd4 63. g6 {White mates.} Rd1 64. g7 Rg1 65. Rg5 {Accuracy: White = 80%, Black = 70%.} 1-0

[Event "Moscow Open RSSU Cup 2020"]
[Site "Moscow"]
[Date "2020.02.01"]
[Round "8.5"]
[White "Pridorozhni, Aleksei"]
[Black "Airapetian, Gor"]
[Result "1-0"]
[WhiteElo "2601"]
[BlackElo "2444"]
[Annotator "TA"]
[PlyCount "115"]
[EventDate "2020.01.25"]
[EventType "swiss"]
[EventCountry "RUS"]
[SourceTitle "playchess.com"]
[Source "ChessBase"]
[SourceQuality "1"]

{[%evp 11,115,2,10,8,10,-40,-41,-191,-26,-22,-23,-21,-23,-29,-27,-85,21,14,22,21,25,21,21,21,21,21,21,21,21,21,21,21,33,21,22,33,27,27,31,31,44,44,44,44,44,44,44,30,44,31,45,44,53,44,52,44,44,44,44,38,46,38,77,0,61,37,67,55,65,65,185,119,122,64,70,0,40,29,121,107,155,172,208,97,146,146,146,95,77,90,154,153,251,273,304,289,302,279,288,114,363,111,345,337,872,954]} 1. e4 c6 2. d4 d5 3. e5 Bf5 4. h4 h5 5. c4 e6 6. Nc3 Be7 7. g3 {B12: Caro-Kann: Advance Variation} Nh6 {[#]} 8. Nh3 $146 ({Predecessor:} 8. Bg5 dxc4 9. Bxc4 Nd7 10. Qd2 Nb6 11. Bb3 Qd7 12. Nge2 Bg4 13. O-O Bxe2 14. Nxe2 Nf5 15. Bxe7 Qxe7 {½-½ (36) Akopian,V (2704)-Gyimesi,Z (2602) Gibraltar 2006}) 8... Bg4 9. Qb3 (9. f3 $15 Bxh3 10. Bxh3 (10. Rxh3 Nf5 $15)) 9... Qb6 $2 (9... Nf5 $1 $19 {[%cal Rf5d4]} 10. Be3 O-O 11. cxd5 (11. Qxb7 Nd7 $17) 11... cxd5) 10. Bxh6 $11 Rxh6 11. c5 Qc7 12. Nf4 Nd7 13. Qa4 (13. Be2 $11 {remains equal.}) 13... Rh8 ({Better is} 13... f6 $17 14. exf6 Rxf6) 14. Be2 Bxe2 15. Ncxe2 b6 16. b4 a5 17. a3 Qc8 {...axb4 is the strong threat.} 18. Qd1 $1 g6 19. O-O Kf8 20. Qc2 {Hoping for Nxg6+!} Kg7 21. Rfc1 Qb7 22. Nd3 axb4 23. axb4 Rxa1 24. Rxa1 Ra8 25. Ra4 b5 26. Ra2 Ra6 27. Nc3 Qa8 28. Rxa6 Qxa6 29. Qb2 Kg8 30. Kf1 Bf8 31. Ke1 Bh6 32. Kd1 Kf8 33. Kc2 Ke7 34. Kb3 Qa8 35. f4 Bg7 36. Qc1 f5 37. exf6+ (37. Ne1 $16) 37... Bxf6 (37... Nxf6 $11 38. Ne5 Ne4) 38. Qg1 Qh8 39. Ne2 Qa8 40. Kb2 Qh8 {[#]} ({Black should try} 40... Bg7 $14) 41. Qe3 (41. Ne5 $1 $18 {[%cal Re5g6]} Bxe5 42. dxe5 (42. fxe5 Qf8 $14)) 41... Qa8 $16 42. Qd2 (42. Nec1 $16) 42... Qa4 $14 43. Ne1 (43. Ne5 $14 Bxe5 44. fxe5 (44. dxe5 Nb8 $11)) 43... Kf7 44. Nc2 Qa8 (44... Bg7 $11) 45. Ng1 $16 Qa7 46. Nf3 Qa8 47. Nce1 (47. Ne5+ $18 Bxe5 48. dxe5 (48. fxe5 Nf8 $16)) 47... Qh8 48. Qe3 Qa8 49. Nd3 (49. Nc2 $142) 49... Qa4 50. Qd2 Qa8 ({Black should play} 50... Ke7) 51. Qc2 Qh8 (51... Bg7 $16 52. Nde5+ {[%mdl 64] Discovered Attack} Bxe5) 52. Nde5+ $18 Bxe5 53. dxe5 ({Inferior is} 53. Nxe5+ Nxe5 54. dxe5 (54. fxe5 Qf8 $11) 54... Qa8 $11) ({Less strong is} 53. fxe5 Qf8 $16) 53... Qe8 54. Qd3 Nb8 55. Nd4 $2 (55. Ng5+ $18 {is more deadly.} Ke7 56. Qa3) 55... Qc8 $2 {[#]} (55... Na6 $16 {is a better defense.} 56. Qa3 Qa8) 56. Qa3 $2 (56. g4 $1 $18 {[%mdl 512] and White stays clearly on top. Black must now prevent gxh5.} hxg4 57. Qg3) 56... Qc7 $2 (56... Na6 $16 57. Qc3 Ke7) 57. Qa8 Ke7 $2 (57... Qc8 58. Kc3 Ke7) 58. Qxb8 {[%mdl 64] Remove Defender. Accuracy: White = 66%, Black = 55%.} 1-0

[Event "Moscow Open RSSU Cup 2020"]
[Site "Moscow"]
[Date "2020.02.01"]
[Round "8.6"]
[White "Lobanov, Sergei"]
[Black "Sychev, Klementy"]
[Result "1-0"]
[WhiteElo "2507"]
[BlackElo "2563"]
[Annotator "TA"]
[PlyCount "153"]
[EventDate "2020.01.25"]
[EventType "swiss"]
[EventCountry "RUS"]
[SourceTitle "playchess.com"]
[Source "ChessBase"]
[SourceQuality "1"]

{[%evp 16,153,27,25,35,34,58,22,54,12,15,14,27,0,0,0,0,-37,-16,-116,-76,-116,-109,-151,-150,-152,-147,-198,-41,-25,-38,-52,-33,-37,-23,-141,-125,-132,-67,-223,-235,-195,-71,-67,-75,-73,-69,-75,-26,0,11,0,16,0,0,0,0,0,0,0,172,164,411,410,578,570,641,567,722,706,770,348,335,153,158,144,144,119,153,153,153,0,130,0,154,154,154,154,154,154,154,154,158,159,282,190,186,187,395,586,486,345,402,331,1319,1243,29965,1417,29958,29964,29963,29965,29966,29966,29979,29979,29979,29979,29979,0,12842,1460,29976,29977,29966,29969,29974,29974,29975,29973,29974,29970,29981,29982,29982,29983,29984,29983,29983,29984]} 1. e4 e5 2. Nf3 Nc6 3. Bb5 a6 4. Ba4 b5 5. Bb3 Na5 6. O-O d6 7. d4 exd4 8. Nxd4 Bb7 9. Bd2 Nxb3 {C70: Ruy Lopez: 3...a6 4 Ba4, Norwegian and Delayed Schliemann} 10. Nxb3 Rb8 11. Re1 Nf6 {The position is equal.} 12. e5 (12. Bb4 $5 {[%cal Re4e5]} Be7 13. Nc3 $14) 12... dxe5 $1 13. Rxe5+ Be7 14. Qe1 {[#]} (14. Qe2 $5 {[%cal Rd2b4]} Kf8 15. Nc5 $11) 14... Ng4 $146 ({Predecessor:} 14... Nd7 15. Re2 Kf8 16. Bb4 Bd6 17. Bxd6+ cxd6 18. Nc3 Ne5 19. Ne4 h5 20. Nd4 Rh6 {1-0 (58) Todorovic,G (2436)-Rajkovic,M (2326) Belgrade 2018}) 15. Rg5 Nxf2 $1 16. Kxf2 O-O $1 17. Rg3 (17. Qe3 $11) 17... Re8 $1 $36 {[%mdl 2048] Black is really pushing.} 18. Qf1 Bh4 19. Kg1 Bxg3 20. hxg3 Bd5 $1 21. Qf2 (21. Qd3 $17) 21... Bc4 $2 (21... b4 $19 22. Nd4 Rb6) 22. Nd4 $1 $15 {[%cal Rd4c6]} Rb6 23. Na3 Rf6 {[%mdl 1024] Black has compensation.} 24. Bf4 Bd5 25. c4 (25. Qd2 $11) 25... Ba8 {aiming for ...g5!} ({Of course not} 25... bxc4 $6 26. Qd2 $15) 26. Nf3 Rfe6 ({Black should try} 26... Bxf3 $17 27. Bg5 (27. gxf3 $2 Rfe6 $19) 27... Bh5 28. Bxf6 gxf6) 27. cxb5 $2 ({Only move:} 27. Qd2 $1 $15) 27... Re2 $19 28. Qf1 Rxb2 (28... Bxf3 $1 $19 {is more deadly.} 29. Qxf3 g5 30. Bxg5 Qxg5) 29. Rd1 Qe7 30. Nc4 Rxb5 31. Nd4 Rd5 {And now ...Qd8 would win.} (31... Qc5 $5 {[%cal Rb5b4]} 32. Ne3 Rb2 $17) 32. Ne3 Rdd8 33. Ndf5 ({Reject} 33. Qxa6 c5 $17) 33... Qf6 34. Bxc7 Rxd1 35. Qxd1 h6 36. Kh2 Bc6 37. Bf4 Kh7 $2 (37... Re6 $11 {and Black stays safe.}) 38. Nd6 $18 {Black must now prevent Qc2+.} Re6 $2 (38... Rxe3 39. Bxe3 Qb2) 39. Qc2+ {[%mdl 64] Double Attack} Qg6 (39... Be4 $142 40. Nxe4 Qg6) 40. Qxc6 Qh5+ 41. Kg1 Qe2 42. Qd5 {Qf5+ is the strong threat.} Rf6 43. Ne4 (43. Qe4+ $142 Kg8 44. Ndf5 Rxf5 45. Qxf5) 43... Rxf4 44. gxf4 (44. Qd4 $18 {is the precise move to win.} Rxe4 45. Qxe4+ Kg8 46. a4) 44... Qxe3+ $16 45. Kh2 {Threatens to win with Qe5.} Qxf4+ 46. g3 Qe3 47. Kg2 Kg8 48. Qd8+ Kh7 49. Qd5 Kg8 $1 50. a4 {[%cal Ba2a4,Ba4a5][%mdl 32]} Qe2+ 51. Nf2 Qe8 52. a5 Qc8 53. Kf3 Qc3+ 54. Nd3 {Hoping for Qa8+.} Kh7 (54... Qc8 $16 55. g4 g5) 55. Qf5+ Kg8 56. Ke3 g6 $2 (56... Qc7 {was called for.} 57. Qe5 Qd7) 57. Qc5 $1 $18 {[%cal Rc5c3]} Qf6 58. Qb6 Qg5+ 59. Kd4 Qxg3 $2 (59... Qg4+ 60. Kc3 Qc8+ 61. Kb3 h5) 60. Qxa6 h5 61. Qb7 (61. Qc8+ $142 Kh7 62. a6 Qh4+ 63. Kc3 Qf6+ 64. Kc2 Qh4 65. Qb7 Qc4+ 66. Kd2 Qa2+ 67. Ke3 Qe6+ 68. Kd4 Qf6+ 69. Kc4 Qe6+ 70. Kc3) 61... Qd6+ 62. Kc4 Qe6+ 63. Kc3 Qa2 64. a6 Qa3+ 65. Kc4 Qa2+ 66. Kd4 Qa1+ 67. Kc4 (67. Ke3 $142 Qg1+ 68. Kd2 Qg5+ 69. Kc2 Qh4 70. a7 Qc4+ 71. Kd2 Qa2+ 72. Kd1 Qa1+ 73. Ke2) 67... Qa2+ $1 68. Kc5 (68. Kb5 $142 Kg7 69. a7 Qb1+ 70. Nb4) 68... Qa3+ {[#]} 69. Nb4 $1 {White mates.} Qe3+ 70. Kd6 Qe6+ {[#]} 71. Kc7 $1 Qe5+ 72. Kc6 Qe6+ 73. Kb5 Qe2+ 74. Ka5 Qe5+ 75. Nd5 Qe1+ 76. Kb5 Qe2+ 77. Kc5 {Accuracy: White = 59%, Black = 59%.} 1-0

[Event "Moscow Open RSSU Cup 2020"]
[Site "Moscow"]
[Date "2020.02.01"]
[Round "8.7"]
[White "Bykov, Egor"]
[Black "Sindarov, Javokhir"]
[Result "0-1"]
[WhiteElo "2384"]
[BlackElo "2537"]
[Annotator "TA"]
[PlyCount "92"]
[EventDate "2020.01.25"]
[EventType "swiss"]
[EventCountry "RUS"]
[SourceTitle "playchess.com"]
[Source "ChessBase"]
[SourceQuality "1"]

{[%evp 20,92,27,28,29,22,27,25,32,59,64,25,49,10,0,-104,60,55,58,58,61,61,58,60,63,59,58,56,64,62,65,64,69,52,54,48,50,36,60,44,79,79,65,20,25,16,16,14,14,15,17,8,8,-45,-59,-66,-61,-101,-66,-116,-113,-76,-97,-79,0,-585,-523,-691,-568,-29980,-29981,-29978,-12829,-29995,-29996]} 1. d4 Nf6 2. c4 c5 3. d5 g6 4. Nc3 Bg7 5. e4 d6 6. Be2 O-O 7. Nf3 e6 8. O-O Re8 9. Qc2 Na6 10. Bf4 exd5 11. cxd5 Nb4 {A76: Modern Benoni: Classical: 9...Re8 10 Qc2} 12. Qb1 Nxe4 13. Nxe4 Bf5 $1 {White has an edge.} 14. Nfd2 Nxd5 {[#]} 15. Bg5 $146 (15. Bxd6 Nf6 $17) ({Predecessor:} 15. Bg3 Bh6 16. Bb5 Bxd2 17. Bxe8 Qxe8 18. Nxd6 Bxb1 19. Nxe8 Bd3 20. Rfd1 Rxe8 21. Rxd2 {1-0 (61) Petersons,A-Khodos,G Minsk (Belarus) 1964}) 15... Qd7 (15... Qxg5 16. Nxg5 Bxb1 17. Bc4 $16) 16. Bc4 Qc6 17. Re1 (17. a4 $11 Nc7 18. Qa2 Rxe4 19. Nxe4 (19. Bxf7+ Kh8 $14) 19... Bxe4 20. Bxf7+ Kh8 21. f3) 17... h6 $2 (17... Nb6 $17 18. Qd3 Bxe4 19. Nxe4 Nxc4 20. Qxc4 d5 {[%mdl 64] Double Attack} 21. Qxc5 Rxe4 22. Qxc6 Rxe1+ 23. Rxe1 bxc6) 18. Bxd5 $14 Qxd5 19. Bxh6 $1 Bxh6 20. Nf6+ {[%cal Be4f6,Bf6d5,Bd5c7][%mdl 96] Double Attack, Discovered Attack} Kf8 21. Nxd5 Bxb1 22. Rexb1 {Strongly threatening Rd1.} Bxd2 23. Nc7 $1 {[%csl LRa8,LRe8][%mdl 64] Double Attack} Bf4 24. Rd1 Be5 25. Rd2 b5 26. Nxa8 Rxa8 {[%mdl 4096] Endgame KRR-KRB} 27. Rad1 a5 28. g3 g5 29. Kg2 c4 30. Rc2 a4 31. h4 g4 $1 32. Rd5 Rb8 $1 33. f4 gxf3+ $1 34. Kxf3 Ke7 35. g4 Ke6 36. Ke4 ({White should try} 36. Rd1 $1 $11) 36... Rg8 $15 37. Rxb5 {And now Rg2 would win.} Rxg4+ {[%mdl 64] Double Attack} 38. Kf3 Rxh4 39. Rb4 Rh3+ 40. Kg4 Rg3+ 41. Kh4 {[#]} f5 (41... d5 $1 $17 {...a3 is the strong threat.} 42. Rxa4 Rg1) 42. Rbxc4 $2 {[%mdl 8192]} ({Don't go for} 42. Rxa4 $2 f4 $19) (42. Rcxc4 $11 {and White is okay.} f4 43. Rc8 (43. Rxa4 $2 Kf5 $19)) 42... f4 $19 43. Rxa4 Kf5 {( -> ...Bf6+)} 44. Ra5 Rg8 {[%cal Rg8h8]} 45. Kh3 {[#]} f3 $1 {[%cal Rg8h8]} 46. Ra4 Rg1 0-1

[Event "Moscow Open RSSU Cup 2020"]
[Site "Moscow"]
[Date "2020.02.01"]
[Round "8.8"]
[White "Savchenko, Boris"]
[Black "Kardashevskiy, Evgeny"]
[Result "1-0"]
[WhiteElo "2573"]
[BlackElo "2437"]
[Annotator "TA"]
[PlyCount "51"]
[EventDate "2020.01.25"]
[EventType "swiss"]
[EventCountry "RUS"]
[SourceTitle "playchess.com"]
[Source "ChessBase"]
[SourceQuality "1"]

{[%evp 13,51,0,5,-13,0,-21,-6,-23,0,-15,0,0,0,0,25,24,27,30,14,19,14,16,54,47,65,58,59,58,67,44,231,222,545,524,668,700,695,678,29990,2426]} 1. d4 d5 2. c4 e6 3. Nc3 Nf6 4. Bg5 Be7 5. e3 h6 6. Bxf6 Bxf6 7. cxd5 exd5 8. b4 {D53: Queen's Gambit Declined: 4 Bg5 Be7: Early deviations} O-O 9. Be2 Bf5 10. Nf3 {[#] The position is equal.} a6 $146 ({Predecessor:} 10... c6 11. Qb3 Qd6 12. b5 Nd7 13. O-O a6 14. bxc6 bxc6 15. Rfc1 Rfb8 16. Qd1 Rb4 17. Ne1 {½-½ (79) Nordstrom,F (2199)-Edwards,R (2131) Gibraltar 2007}) 11. O-O Qd6 12. Bd3 Bxd3 13. Qxd3 c6 14. e4 dxe4 15. Nxe4 {[%cal Bc3e4,Be4g3,Bg3h5][%mdl 32]} Qf4 16. Qe3 Qf5 17. Rac1 b6 18. Rfe1 Ra7 19. Ne5 $36 {[%mdl 2048] White is more active.} Rd8 20. Ng3 Qe6 $1 21. Nh5 Bg5 $2 {[#]} ({Better is} 21... Qf5 $14 22. Nxf6+ Qxf6) 22. Qg3 $1 $18 Qf5 $2 (22... Qd6 {is more resistant.} 23. h4 Bf6) 23. h4 Bf6 24. Ng4 Kh8 25. Ngxf6 {[%csl Gh5][%cal Rg3g7]} g6 26. Re5 {Accuracy: White = 100%, Black = 53%.} (26. Qe3 $142 Qxh5 27. Nxh5 Kh7 28. Nf6+ Kg7 29. Qe5 Kh8 30. Nh5+ f6 31. Qxf6+ {[%mdl 64] Double Attack} Kg8 32. Qxd8+ {[%mdl 64] Double Attack} Kh7 33. Re7+ Rxe7 34. Qxe7+ Kh8 35. Qg7#) 1-0

[Event "Moscow Open RSSU Cup 2020"]
[Site "Moscow"]
[Date "2020.02.01"]
[Round "8.9"]
[White "Makhmutov, Rail"]
[Black "Zakhartsov, Vladimir"]
[Result "1/2-1/2"]
[WhiteElo "2403"]
[BlackElo "2507"]
[Annotator "RC"]
[PlyCount "70"]
[EventDate "2020.01.25"]
[EventType "swiss"]
[EventCountry "RUS"]
[SourceTitle "playchess.com"]
[Source "ChessBase"]
[SourceQuality "1"]
[TimeControl "40/5400+30:1800+30"]

1. e4 {[%emt 1:30:30]} c5 {[%emt 0:13:14]} 2. Nf3 {[%emt 0:00:00]} Nc6 {[%emt 0:02:15]} 3. Bb5 {[%emt 0:00:00]} g6 {[%emt 0:00:19]} 4. Bxc6 {[%emt 0:00:00]} bxc6 {[%emt 0:00:21]} 5. O-O {[%emt 0:00:00]} Bg7 {[%emt 0:00:11]} 6. Re1 {[%emt 0:00:00]} Nh6 {[%emt 0:01:29]} 7. c3 {[%emt 0:00:00]} f6 {[%emt 0:03:25]} 8. d4 {[%emt 0:00:00]} cxd4 {[%emt 0:00:22]} 9. cxd4 {[%emt 0:00:00]} Nf7 {[%emt 0:01:24]} 10. Qc2 {[%emt 0:00:00]} O-O {[%emt 0:00:46]} 11. Be3 {[%emt 0:00:00]} Bb7 {[%emt 0:01:37]} 12. Nbd2 {[%emt 0:00:00]} e5 {[%emt 0:03:51]} 13. Rab1 {[%emt 0:00:00]} d5 {[%emt 0:04:46]} 14. dxe5 {[%emt 0:00:00]} fxe5 {[%emt 0:00:58]} 15. Bc5 {[%emt 0:00:00]} Re8 {[%emt 0:00:06]} 16. Re3 {[%emt 0:00:00]} Bc8 {[%emt 0:02:24]} 17. Ra3 {[%emt 0:00:00]} a6 {[%emt 0:00:54]} 18. Ne1 {[%emt 0:00:00]} Ng5 {[%emt 0:18:10]} 19. f3 {[%emt 0:00:00]} Ne6 {[%emt 0:01:54]} 20. Nd3 {[%emt 0:00:00]} Bd7 {[%emt 0:01:58]} 21. Bf2 {[%emt 0:00:00]} Kh8 {[%emt 0:00:55]} 22. Nb3 {[%emt 0:00:00]} dxe4 {[%emt 0:02:27]} 23. fxe4 {[%emt 0:00:00]} Nf4 {[%emt 0:00:22]} 24. Nbc5 {[%emt 0:00:00]} Bg4 {[%emt 0:01:00]} 25. Nxf4 {[%emt 0:00:00]} exf4 {[%emt 0:00:02]} 26. Rd3 {[%emt 0:00:00]} Qg5 {[%emt 0:01:33]} 27. Bd4 {[%emt 0:00:00]} Bxd4+ {[%emt 0:04:16]} 28. Rxd4 {[%emt 0:00:00]} Rad8 {[%emt 0:01:06]} 29. Rxd8 {[%emt 0:00:00]} Rxd8 {[%emt 0:00:01]} 30. Qc3+ {[%emt 0:00:00]} Kg8 {[%emt 0:00:03]} 31. e5 {[%emt 0:00:00]} Be2 {[%emt 0:06:53]} 32. Qb3+ {[%emt 0:04:17]} Rd5 {[%emt 0:02:23]} 33. Qb8+ {[%emt 0:00:38]} Rd8 {[%emt 0:00:02]} 34. Qb3+ {[%emt 0:00:39]} Rd5 {[%emt 0:06:53]} 35. Qb8+ {[%emt 0:00:03]} Rd8 {[%emt 0:00:25]} 1/2-1/2